| 000 | 00460 a2200193 4500 | ||
|---|---|---|---|
| 001 | 121029 | ||
| 020 | _a9788554770044 | ||
| 040 | _cEscola Canadense de Niteroi | ||
| 100 | _aAntunes, Aracy do Rego | ||
| 245 | 1 | 0 | _aO município de Niterói: geografia e história |
| 250 | _a7 ed | ||
| 260 | _aRio de Janeiro | ||
| 300 |
_a228 p. _bil. |
||
| 362 | 0 | _a2018 | |
| 490 | 0 | _aViva a Nossa Turma | |
| 650 | 4 | _aGeografia | |
| 650 | 4 | _aHistória | |
| 942 | _cBK | ||
| 999 |
_c121029 _d121029 |
||